[Event "European Youth Chess Championship B12"]
[Site "Prague, Top Hotel Prague"]
[Date "2016.08.24"]
[Round "6.77"]
[White "Sebesta, Jan"]
[Black "Berezovsky, Jonathan"]
[Result "1/2-1/2"]
[WhiteElo "1557"]
[BlackElo "1164"]
[PlyCount "32"]
[EventDate "2016.08.18"]

{Waiting for moves from server...} 1. e4 c5 2. c3 a6 3. d4 e6 4. Nf3 d5 5. exd5
exd5 6. Be2 Nf6 7. Bg5 Nbd7 8. Ne5 Be7 9. Nxd7 Bxd7 10. Bxf6 Bxf6 11. dxc5 Be6
12. c6 Qc7 13. cxb7 Qxb7 14. Qa4+ Qd7 15. Qxd7+ Kxd7 16. Bd1 Rab8 1/2-1/2

[Event "European Youth Chess Championship B12"]
[Site "Prague, Top Hotel Prague"]
[Date "2016.08.24"]
[Round "6.78"]
[White "Tajovsky, Matej"]
[Black "Veres, Simon"]
[Result "1-0"]
[WhiteElo "1584"]
[BlackElo "1514"]
[PlyCount "31"]
[EventDate "2016.08.18"]

1. e4 c5 2. Nf3 g6 3. d4 cxd4 4. Qxd4 Nf6 5. Bb5 Bg7 6. e5 Ng8 7. O-O Nc6 8.
Bxc6 bxc6 9. Nc3 Bb7 10. Bf4 f6 11. Rfe1 fxe5 12. Bxe5 Nf6 13. Bxf6 Bxf6 14.
Qxf6 Rg8 15. Ng5 Rf8 16. Qg7 1-0

[Event "European Youth Chess Championship B12"]
[Site "Prague, Top Hotel Prague"]
[Date "2016.08.25"]
[Round "7.1"]
[White "Suleymanli, Aydin"]
[Black "Bjerre, Jonas"]
[Result "0-1"]
[WhiteElo "2145"]
[BlackElo "2382"]
[PlyCount "77"]
[EventDate "2016.08.18"]

1. d4 Nf6 2. c4 g6 3. Nc3 Bg7 4. e4 d6 5. f4 O-O 6. Nf3 c5 7. d5 e6 8. Be2 exd5
9. cxd5 Bg4 10. O-O Nbd7 11. Re1 Re8 12. h3 Bxf3 13. Bxf3 a6 14. a4 c4 15. Be3
Qa5 16. Kh1 Nc5 17. Bxc5 Qxc5 18. Qd2 Nd7 19. Bg4 Rad8 20. a5 Qb4 21. Bxd7 Rxd7
22. Qc2 Rde7 23. Ra4 Qc5 24. Nd1 f5 25. Rxc4 Qxa5 26. Re2 Bh6 27. g3 Rxe4 28.
Rcxe4 fxe4 29. Nc3 e3 30. Qd3 Bg7 31. Ne4 Rc8 32. Nxd6 Rd8 33. Nxb7 Qxd5+ 34.
Qxd5+ Rxd5 35. Rxe3 Bxb2 36. Rb3 Bc1 37. Rc3 Bd2 38. Rc8+ Kf7 39. Nc5 0-1

[Event "European Youth Chess Championship B12"]
[Site "Prague, Top Hotel Prague"]
[Date "2016.08.25"]
[Round "7.2"]
[White "Gharibyan, Mamikon"]
[Black "Subelj, Jan"]
[Result "1-0"]
[WhiteElo "2194"]
[BlackElo "2088"]
[PlyCount "91"]
[EventDate "2016.08.18"]

1. d4 d5 2. c4 e6 3. Nc3 Nf6 4. cxd5 exd5 5. Bg5 Nbd7 6. e3 Be7 7. Bd3 c6 8.
Nf3 h6 9. Bh4 O-O 10. O-O b6 11. Qe2 Ne4 12. Bg3 Nxg3 13. hxg3 Bb7 14. Rac1 Re8
15. Rfd1 Bf6 16. Bc2 g6 17. Qd3 c5 18. dxc5 Nxc5 19. Qe2 Bxc3 20. bxc3 Ba6 21.
Qd2 Ne4 22. Qd4 Qc7 23. Bb3 Rad8 24. Bxd5 Be2 25. Re1 Bxf3 26. gxf3 Ng5 27. Kg2
Qd7 28. Red1 Qh3+ 29. Kg1 Nxf3+ 30. Bxf3 Rxd4 31. cxd4 h5 32. Bg2 Qg4 33. d5
Rd8 34. Rd4 Rc8 35. Rc6 Qd7 36. Rxc8+ Qxc8 37. d6 Kf8 38. d7 Qd8 39. Bc6 f5 40.
Bb5 Ke7 41. a4 Ke6 42. Rc4 Qh8 43. Rc8 Qa1+ 44. Kg2 h4 45. d8=Q h3+ 46. Kh2 1-0

[Event "European Youth Chess Championship B12"]
[Site "Prague, Top Hotel Prague"]
[Date "2016.08.25"]
[Round "7.3"]
[White "Oglaza, Oskar"]
[Black "Sargsyan, Sargis Vach"]
[Result "1-0"]
[WhiteElo "2128"]
[BlackElo "1912"]
[PlyCount "45"]
[EventDate "2016.08.18"]

1. e4 e5 2. Nf3 d6 3. d4 Nf6 4. Nc3 Nbd7 5. g4 Nxg4 6. Rg1 Ngf6 7. Bc4 h6 8.
Be3 c6 9. dxe5 dxe5 10. Qd3 Qa5 11. O-O-O b5 12. Bb3 Ba6 13. Ne2 g6 14. Bxf7+
Kxf7 15. Qb3+ Nd5 16. Rxd5 cxd5 17. Qxd5+ Ke7 18. Nxe5 Nxe5 19. Qxe5+ Kf7 20.
Qd5+ Ke8 21. Qxa8+ Qd8 22. Qc6+ Qd7 23. Qxa6 1-0

[Event "European Youth Chess Championship B12"]
[Site "Prague, Top Hotel Prague"]
[Date "2016.08.25"]
[Round "7.4"]
[White "Ozenir, Ekin Baris"]
[Black "Nguyen, Alex Dac-Vuong"]
[Result "1-0"]
[WhiteElo "2030"]
[BlackElo "2069"]
[PlyCount "107"]
[EventDate "2016.08.18"]

1. d4 Nf6 2. c4 g6 3. Nc3 Bg7 4. e4 d6 5. Be2 O-O 6. Nf3 Na6 7. O-O e5 8. Re1
Qe8 9. dxe5 dxe5 10. Be3 Ng4 11. Bg5 h6 12. Bh4 f5 13. Nd2 Nf6 14. f3 c6 15.
Bf2 Qe7 16. a3 Nc5 17. b4 Ne6 18. exf5 gxf5 19. Bd3 Nf4 20. Bf1 Rd8 21. Qc2
N6h5 22. Rad1 Be6 23. g3 Ng6 24. Bh3 Qf7 25. Ne2 b6 26. Nf1 Ne7 27. Ne3 Kh8 28.
Rd3 Qg6 29. Red1 Rxd3 30. Qxd3 e4 31. Qd6 exf3 32. Nd4 Bxd4 33. Rxd4 Re8 34.
Qe5+ Ng7 35. Rd6 Qf7 36. Qf4 Kh7 37. Qxf3 Rg8 38. Be1 f4 39. Qe4+ Bf5 40. Qxf4
Qh5 41. Ng4 Bxg4 42. Bxg4 Ng6 43. Bxh5 Nxf4 44. Bd1 Re8 45. Bc2+ Kg8 46. Bd2
Nh3+ 47. Kf1 Ng5 48. Rxh6 Nf3 49. Bc3 Re3 50. Bh7+ Kh8 51. Bb2 Nd2+ 52. Kf2 Re7
53. Bc3 Rf7+ 54. Ke2 1-0

[Event "European Youth Chess Championship B12"]
[Site "Prague, Top Hotel Prague"]
[Date "2016.08.25"]
[Round "7.5"]
[White "Trifan, Andrei Ioan"]
[Black "Kacharava, Nikolozi"]
[Result "0-1"]
[WhiteElo "2069"]
[BlackElo "2024"]
[PlyCount "90"]
[EventDate "2016.08.18"]

1. e4 c5 2. Nf3 Nc6 3. d4 cxd4 4. Nxd4 Nf6 5. Qd3 d6 6. c4 g6 7. Nc3 Bg7 8. Be2
O-O 9. Be3 Be6 10. O-O Nd7 11. Qd2 Qa5 12. Rfd1 Rfc8 13. b3 a6 14. Rac1 Nxd4
15. Bxd4 Bxd4 16. Qxd4 Rc7 17. f4 Qc5 18. Nd5 Qxd4+ 19. Rxd4 Bxd5 20. exd5 b5
21. Re1 b4 22. Bf3 Kf8 23. c5 Nxc5 24. Be2 a5 25. Bb5 Rb8 26. Bc6 Ne6 27. dxe6
Rxc6 28. exf7 Rb5 29. Rd3 Kxf7 30. Rh3 h5 31. g4 Rc3 32. Rxc3 bxc3 33. gxh5
Rxh5 34. Rc1 Rh3 35. Rc2 d5 36. Kg2 Rd3 37. Kf1 d4 38. Ke2 Rh3 39. Kd1 Rf3 40.
a3 Rxf4 41. b4 axb4 42. axb4 e5 43. b5 e4 44. b6 Rf1+ 45. Ke2 d3+ 0-1

[Event "European Youth Chess Championship B12"]
[Site "Prague, Top Hotel Prague"]
[Date "2016.08.25"]
[Round "7.6"]
[White "Larkin, Vladislav"]
[Black "Tsvetkov, Andrey"]
[Result "1-0"]
[WhiteElo "1932"]
[BlackElo "2096"]
[PlyCount "43"]
[EventDate "2016.08.18"]

1. d4 Nf6 2. Nf3 g6 3. Bf4 Bg7 4. e3 O-O 5. h3 d6 6. Nbd2 c5 7. c3 Nc6 8. Bc4
cxd4 9. exd4 e5 10. dxe5 dxe5 11. Be3 e4 12. Ng5 Ne5 13. Bc5 Nxc4 14. Nxc4 Nd7
15. Bxf8 Qxg5 16. Bxg7 Qxg2 17. Qd4 Qxh1+ 18. Kd2 Qf3 19. Re1 Nc5 20. Bh6 Ne6
21. Rxe4 f6 22. Qd8+ 1-0

[Event "European Youth Chess Championship B12"]
[Site "Prague, Top Hotel Prague"]
[Date "2016.08.25"]
[Round "7.7"]
[White "Pogosyan, Stefan"]
[Black "Kochavi, Ori"]
[Result "0-1"]
[WhiteElo "2200"]
[BlackElo "2038"]
[PlyCount "74"]
[EventDate "2016.08.18"]

1. e4 c5 2. Nf3 e6 3. d4 cxd4 4. Nxd4 Nf6 5. Bd3 d6 6. O-O Be7 7. c4 Nbd7 8.
Re1 O-O 9. Nc3 a6 10. Bf1 Qc7 11. Qe2 b6 12. Be3 Bb7 13. f3 Rac8 14. Qf2 Rfe8
15. Red1 Bf8 16. Rab1 d5 17. cxd5 exd5 18. exd5 b5 19. Nf5 Qe5 20. Bd3 Nc5 21.
Bc2 Nxd5 22. Nxd5 Bxd5 23. Qh4 h6 24. Bd4 Qe6 25. Re1 Qc6 26. Qg4 g6 27. Bc3
Ne6 28. a3 a5 29. Ne3 h5 30. Qg3 b4 31. axb4 axb4 32. Be5 Bh6 33. Be4 Bxe4 34.
fxe4 Qxe4 35. Rbd1 Bf4 36. Nd5 Qxd5 37. Qxf4 Nxf4 0-1

[Event "European Youth Chess Championship B12"]
[Site "Prague, Top Hotel Prague"]
[Date "2016.08.25"]
[Round "7.8"]
[White "Dobrikov, Marco"]
[Black "Ahmadzada, Ahmad"]
[Result "0-1"]
[WhiteElo "1911"]
[BlackElo "2113"]
[PlyCount "162"]
[EventDate "2016.08.18"]

1. e4 e5 2. Nf3 Nc6 3. Bc4 Bc5 4. c3 Nf6 5. d3 d6 6. Nbd2 a6 7. Bb3 Ba7 8. Nf1
O-O 9. Ng3 h6 10. O-O Ne7 11. Re1 Ng6 12. h3 Re8 13. Be3 Be6 14. d4 Qc8 15.
Bxe6 Qxe6 16. d5 Qd7 17. Bxa7 Rxa7 18. Qc2 Nf4 19. Ne2 N6h5 20. Kh2 Nxe2 21.
Qxe2 Nf4 22. Qe3 Raa8 23. Ng1 f5 24. f3 g5 25. Ne2 Nxe2 26. Qxe2 f4 27. Rg1 Kf7
28. g3 fxg3+ 29. Rxg3 Rf8 30. Rag1 Kg6 31. h4 Rf4 32. hxg5 h5 33. Rh3 Raf8 34.
Kg2 h4 35. Rgh1 Kxg5 36. Qe1 Rh8 37. b3 Kf6 38. Kf1 Qg7 39. Qf2 Qh7 40. Qa7
Qxe4 41. Qf2 Qxd5 42. Kg2 Rg4+ 43. Kh2 Rg3 44. Rg1 Rxg1 45. Qxg1 Qd2+ 46. Kh1
Qg5 47. Qf2 Kf7 48. f4 Qf6 49. Qg2 c6 50. fxe5 Qxe5 51. Qf2+ Kg6 52. Qg2+ Qg5
53. Qe4+ Kg7 54. Qd4+ Kg8 55. Qxd6 Qd5+ 56. Qxd5+ cxd5 57. Rd3 Rh5 58. Kh2 Kf7
59. c4 dxc4 60. Rd7+ Ke8 61. Rxb7 cxb3 62. axb3 Kd8 63. Rb6 Ra5 64. Rh6 Kc7 65.
Kg1 Kb7 66. Rxh4 Rf5 67. Rh6 Rf3 68. Kg2 Rxb3 69. Kf1 Re3 70. Kf2 Re5 71. Kf1
a5 72. Kf2 Re8 73. Kf1 a4 74. Rh4 a3 75. Ra4 Ra8 76. Rb4+ Kc6 77. Rb1 a2 78.
Ra1 Kc5 79. Ke2 Kb4 80. Kd1 Kb3 81. Kc1 Rc8+ 0-1

[Event "European Youth Chess Championship B12"]
[Site "Prague, Top Hotel Prague"]
[Date "2016.08.25"]
[Round "7.9"]
[White "Musyuk, Lior"]
[Black "Karaoglan, Doruk"]
[Result "1/2-1/2"]
[WhiteElo "2087"]
[BlackElo "1889"]
[PlyCount "47"]
[EventDate "2016.08.18"]

1. e4 c5 2. Nf3 d6 3. Bb5+ Nd7 4. a4 a6 5. Bc4 e6 6. O-O Ngf6 7. Nc3 b6 8. d4
cxd4 9. Qxd4 Be7 10. Bg5 Qc7 11. Ba2 O-O 12. Rad1 Bb7 13. Rfe1 Rfd8 14. h3 Rac8
15. Bh4 Ne5 16. Nd2 Ng6 17. Bg3 Nh5 18. Qe3 Nxg3 19. Qxg3 Bf6 20. Nc4 Ne5 21.
Ne3 Ng6 22. Nc4 Ne5 23. Ne3 Ng6 24. Nc4 1/2-1/2

[Event "European Youth Chess Championship B12"]
[Site "Prague, Top Hotel Prague"]
[Date "2016.08.25"]
[Round "7.10"]
[White "Czernek, Tymon"]
[Black "Solomon, Asif"]
[Result "0-1"]
[WhiteElo "1847"]
[BlackElo "2057"]
[PlyCount "64"]
[EventDate "2016.08.18"]

1. e4 c5 2. Nf3 d6 3. d4 cxd4 4. Nxd4 Nf6 5. Nc3 a6 6. Nb3 Nc6 7. Be2 e6 8. O-O
Be7 9. Be3 O-O 10. a4 b6 11. f4 Qc7 12. Qe1 Bb7 13. Bf3 Rac8 14. Qf2 Nd7 15.
Qg3 Bf6 16. Bg4 Nc5 17. Nxc5 bxc5 18. f5 Nd4 19. Bxd4 cxd4 20. fxe6 Be5 21.
exf7+ Kh8 22. Qh3 dxc3 23. b3 d5 24. Bf5 g6 25. Bxc8 Bxc8 26. Qf3 dxe4 27. Qxe4
Bf5 28. Rxf5 gxf5 29. Qxf5 Bd4+ 30. Kh1 Qxf7 31. Qd3 Qf2 32. Rd1 Re8 0-1

[Event "European Youth Chess Championship B12"]
[Site "Prague, Top Hotel Prague"]
[Date "2016.08.25"]
[Round "7.11"]
[White "Mitev, Valentin"]
[Black "Bilych, Olexiy"]
[Result "0-1"]
[WhiteElo "2119"]
[BlackElo "1860"]
[PlyCount "64"]
[EventDate "2016.08.18"]

1. d4 Nf6 2. Bg5 Ne4 3. Bf4 d5 4. e3 e6 5. Bd3 Bd6 6. Ne2 O-O 7. Bxe4 dxe4 8.
Nd2 f5 9. O-O Nc6 10. f3 Nxd4 11. exd4 Bxf4 12. fxe4 Be3+ 13. Kh1 Bxd4 14. Nc4
Bf6 15. e5 Qxd1 16. Raxd1 Be7 17. Nd4 a6 18. Rd2 b5 19. Na3 Rd8 20. Rfd1 Kf7
21. c4 b4 22. Nac2 Bb7 23. Nb3 a5 24. Rxd8 Rxd8 25. Rxd8 Bxd8 26. Nxa5 Be4 27.
Ne1 g5 28. Nb3 c6 29. Nd2 Bc7 30. Nxe4 fxe4 31. a4 b3 32. c5 Ba5 0-1

[Event "European Youth Chess Championship B12"]
[Site "Prague, Top Hotel Prague"]
[Date "2016.08.25"]
[Round "7.12"]
[White "Marn, Jan"]
[Black "Spyropoulos, Nikolaos"]
[Result "1-0"]
[WhiteElo "1896"]
[BlackElo "2045"]
[PlyCount "79"]
[EventDate "2016.08.18"]

1. d4 Nf6 2. c4 e6 3. Nf3 d5 4. Bg5 c6 5. Nc3 dxc4 6. e4 b5 7. e5 h6 8. Bh4 g5
9. Nxg5 hxg5 10. Bxg5 Nbd7 11. exf6 Bb7 12. Be2 Qc7 13. h4 O-O-O 14. Qc2 Bh6
15. O-O-O Nxf6 16. Bxh6 Rxh6 17. g4 Nd5 18. Nxd5 Rxd5 19. Qd2 Rh8 20. Bf3 Rdd8
21. Qe3 Qa5 22. Kb1 Qb6 23. h5 b4 24. g5 Kb8 25. Rdg1 c3 26. g6 fxg6 27. hxg6
Rhg8 28. g7 cxb2 29. Rh8 Bc8 30. Rxg8 Rxg8 31. Qf4+ e5 32. Qxe5+ Kb7 33. Rg6
Bd7 34. Qe7 Qc7 35. Qxb4+ Kc8 36. Rf6 c5 37. Rf8+ Be8 38. Qxc5 Rxg7 39. Rxe8+
Kd7 40. Qb5+ 1-0

[Event "European Youth Chess Championship B12"]
[Site "Prague, Top Hotel Prague"]
[Date "2016.08.25"]
[Round "7.13"]
[White "Ognean, Mihnea-Ionut"]
[Black "Schernthaner, David"]
[Result "1-0"]
[WhiteElo "2037"]
[BlackElo "1844"]
[PlyCount "58"]
[EventDate "2016.08.18"]

1. e4 c5 2. Nf3 d6 3. d4 Nf6 4. Nc3 cxd4 5. Nxd4 g6 6. Be3 Bg7 7. f3 O-O 8. Qd2
Nc6 9. Bc4 Bd7 10. Bb3 a6 11. O-O-O Rc8 12. Kb1 Ne5 13. g4 Nc4 14. Bxc4 Rxc4
15. h4 b5 16. h5 Qc8 17. hxg6 fxg6 18. Nd5 Nxd5 19. exd5 Rf7 20. Qh2 Bh8 21.
Rhe1 a5 22. Qe2 a4 23. Bf2 Qb7 24. Rd3 b4 25. Ne6 b3 26. axb3 axb3 27. Rxb3
Qxd5 28. Nd8 Rg7 29. Rd1 Qe5 1-0

[Event "European Youth Chess Championship B12"]
[Site "Prague, Top Hotel Prague"]
[Date "2016.08.25"]
[Round "7.14"]
[White "Verma, Aditya"]
[Black "Czopor, Maciej"]
[Result "0-1"]
[WhiteElo "1890"]
[BlackElo "2025"]
[PlyCount "97"]
[EventDate "2016.08.18"]

{Waiting for moves from server...} 1. e4 c5 2. Nf3 e6 3. d4 cxd4 4. Nxd4 Nf6 5.
Nc3 d6 6. g3 Nc6 7. Bg2 Bd7 8. O-O a6 9. a4 Be7 10. Be3 Qc7 11. Qe2 O-O 12.
Nxc6 Bxc6 13. a5 Nd7 14. Rfd1 Rae8 15. f4 Rc8 16. Kh1 Kh8 17. h4 f5 18. Bg1
fxe4 19. Nxe4 Rfe8 20. c4 Nf6 21. Bb6 Nxe4 22. Bxe4 Bxe4+ 23. Qxe4 Qxc4 24.
Qxb7 Qb3 25. Qg2 Rc2 26. Rd2 Rxd2 27. Qxd2 Qxg3 28. Ra3 Qg6 29. Re3 Rc8 30. Rc3
Qe4+ 31. Kg1 Rf8 32. Rc7 Bxh4 33. Qe3 Qb1+ 34. Qc1 Qg6+ 35. Kh1 Qd3 36. Rc3 Qf5
37. Qe3 h6 38. Kh2 Qb1 39. Qc1 Qf5 40. Qe3 Bf6 41. Rc6 e5 42. Rxd6 exf4 43. Qf3
Bxb2 44. Rd2 Be5 45. Kh1 Rc8 46. Qd3 Qh5+ 47. Kg1 Rc1+ 48. Kg2 Qg5+ 49. Kf3 0-1

[Event "European Youth Chess Championship B12"]
[Site "Prague, Top Hotel Prague"]
[Date "2016.08.25"]
[Round "7.15"]
[White "Ingebretsen, Jens E"]
[Black "Mochalin, Faddey"]
[Result "1-0"]
[WhiteElo "1841"]
[BlackElo "2020"]
[PlyCount "49"]
[EventDate "2016.08.18"]

1. e4 e6 2. d4 d5 3. Nd2 Be7 4. Ngf3 Nf6 5. e5 Nfd7 6. Bd3 c5 7. c3 Nc6 8. O-O
g5 9. dxc5 g4 10. Nd4 Ndxe5 11. Bb5 Bd7 12. N2b3 h5 13. f4 Nc4 14. Qd3 N4a5 15.
Nxa5 Qxa5 16. b4 Qd8 17. Be3 a6 18. Ba4 Kf8 19. Bxc6 bxc6 20. f5 Qc8 21. fxe6
Bxe6 22. Rae1 Bd7 23. Qg6 Ke8 24. Qxf7+ Kd8 25. Qxe7+ 1-0

[Event "European Youth Chess Championship B12"]
[Site "Prague, Top Hotel Prague"]
[Date "2016.08.25"]
[Round "7.16"]
[White "Petkov, Momchil"]
[Black "Biletskiy, Danylo"]
[Result "1-0"]
[WhiteElo "1997"]
[BlackElo "1796"]
[PlyCount "115"]
[EventDate "2016.08.18"]

1. e4 c5 2. Nf3 Nc6 3. c4 g6 4. d4 cxd4 5. Nxd4 Bg7 6. Be3 d6 7. Nc3 Nf6 8. Be2
O-O 9. O-O Bd7 10. Qd2 Nxd4 11. Bxd4 Bc6 12. f3 Qa5 13. Rfd1 Rfe8 14. Rac1 Rac8
15. b3 Nd7 16. Be3 a6 17. Nd5 Qxd2 18. Rxd2 Bxd5 19. Rxd5 Rc6 20. Rcd1 Rb8 21.
f4 Nf6 22. R5d4 Bh6 23. Bf3 Rc7 24. g4 Ne8 25. g5 Bg7 26. Rd5 e6 27. R5d3 b5
28. cxb5 axb5 29. f5 gxf5 30. exf5 exf5 31. Rd5 Be5 32. Bd4 Bxd4+ 33. R1xd4 Rc5
34. Rxc5 dxc5 35. Rd5 c4 36. Rxf5 cxb3 37. axb3 Nd6 38. Rd5 Rb6 39. Kf2 b4 40.
Ke3 Nb5 41. Rd8+ Kg7 42. Bd5 Rd6 43. Rxd6 Nxd6 44. Kd4 f6 45. Kc5 Nf5 46. gxf6+
Kxf6 47. Be4 Nh4 48. Kxb4 Ke5 49. Bxh7 Nf3 50. Kc5 Nxh2 51. b4 Ng4 52. b5 Nf6
53. Kc6 Nd5 54. Bg8 Ne7+ 55. Kc7 Nxg8 56. b6 Nf6 57. b7 Nd5+ 58. Kc6 1-0

[Event "European Youth Chess Championship B12"]
[Site "Prague, Top Hotel Prague"]
[Date "2016.08.25"]
[Round "7.17"]
[White "Tanriverdi, Enes"]
[Black "Vantuch, Lucian"]
[Result "1-0"]
[WhiteElo "1991"]
[BlackElo "1796"]
[PlyCount "51"]
[EventDate "2016.08.18"]

1. d4 Nf6 2. c4 e6 3. Nf3 Bb4+ 4. Nbd2 b6 5. g3 Bb7 6. Bg2 O-O 7. O-O Bxd2 8.
Bxd2 h6 9. Rc1 d6 10. b4 Qe8 11. Bc3 Nbd7 12. Bb2 c5 13. dxc5 dxc5 14. b5 a6
15. a4 axb5 16. axb5 Qb8 17. Qb3 Qc7 18. Rfd1 Rfd8 19. Qc3 Ra4 20. Rd2 Ne8 21.
Rcd1 f6 22. Bh3 Kf7 23. Qe3 f5 24. Rxd7+ Rxd7 25. Rxd7+ Qxd7 26. Ne5+ 1-0

[Event "European Youth Chess Championship B12"]
[Site "Prague, Top Hotel Prague"]
[Date "2016.08.25"]
[Round "7.18"]
[White "Stukan, Martin"]
[Black "Luczak, Filip"]
[Result "1-0"]
[WhiteElo "1962"]
[BlackElo "1749"]
[PlyCount "99"]
[EventDate "2016.08.18"]

1. e4 c5 2. Nf3 d6 3. d4 Nf6 4. Nc3 cxd4 5. Nxd4 a6 6. Be2 e5 7. Nb3 Be7 8. Be3
Be6 9. O-O Nbd7 10. a4 Nb6 11. a5 Nc4 12. Bc1 Qc7 13. Ra4 O-O 14. Nd5 Bxd5 15.
exd5 b5 16. axb6 Nxb6 17. Rxa6 Rxa6 18. Bxa6 Nfxd5 19. Be2 h6 20. Bd2 Nf6 21.
Ba5 Qc6 22. Bf3 e4 23. Be2 Nc4 24. Nd4 Qc5 25. b4 Qc8 26. Bxc4 Qxc4 27. Nf5 Qe6
28. Nxe7+ Qxe7 29. b5 Qb7 30. Qe2 d5 31. Bc3 Rc8 32. Bxf6 gxf6 33. Rb1 Qd7 34.
b6 Rb8 35. Qe3 Kh7 36. Qf4 Qd8 37. Qf5+ Kg7 38. b7 Qc7 39. Qxd5 Qxc2 40. Qb3
Qxb3 41. Rxb3 Kf8 42. Kf1 Ke7 43. Ke2 Kd6 44. Ke3 Kd5 45. g4 Kc4 46. Rb1 Kd5
47. Rb2 Ke5 48. Rb5+ Kd6 49. Kxe4 Kc6 50. Rb1 1-0

[Event "European Youth Chess Championship B12"]
[Site "Prague, Top Hotel Prague"]
[Date "2016.08.25"]
[Round "7.19"]
[White "Abelakiotis, Stavros"]
[Black "Minko, Dmitry"]
[Result "1-0"]
[WhiteElo "1784"]
[BlackElo "1960"]
[PlyCount "89"]
[EventDate "2016.08.18"]

1. e4 e5 2. Nf3 Nc6 3. Bb5 Nf6 4. d3 d6 5. d4 Bd7 6. d5 Ne7 7. Bxd7+ Qxd7 8.
Qd3 g6 9. O-O Bg7 10. c4 Nh5 11. Nc3 O-O 12. Be3 a6 13. b4 h6 14. Nd2 f5 15. f3
g5 16. Kh1 f4 17. Bg1 Bf6 18. c5 Qe8 19. Ne2 Rd8 20. Nc4 Nc8 21. Na5 b5 22.
cxb6 Nxb6 23. Qxa6 Rb8 24. Nc6 Ra8 25. Qd3 Qg6 26. Rfc1 g4 27. fxg4 Qxg4 28.
Qf3 Qg6 29. Bf2 Kh7 30. Nc3 Ra3 31. Na5 Rg8 32. Nb3 Nc4 33. Nb1 Nb6 34. Nxa3
Nxd5 35. exd5 e4 36. Qh3 f3 37. g3 Be5 38. Rxc7+ Kh8 39. Rac1 e3 40. Bxe3 f2
41. Nd2 Qd3 42. Qxh5 Qxe3 43. Qf5 Qe1+ 44. Nf1 Bg7 45. Rxg7 1-0

[Event "European Youth Chess Championship B12"]
[Site "Prague, Top Hotel Prague"]
[Date "2016.08.25"]
[Round "7.20"]
[White "Gines, Esteo Pedro Antonio"]
[Black "Harutyunyan, Safar"]
[Result "1-0"]
[WhiteElo "2194"]
[BlackElo "1867"]
[PlyCount "77"]
[EventDate "2016.08.18"]

1. d4 Nf6 2. Nf3 e6 3. e3 c5 4. Bd3 b6 5. O-O Bb7 6. c4 Be7 7. Nc3 cxd4 8. exd4
d5 9. cxd5 Nxd5 10. Ne5 O-O 11. Qg4 Nf6 12. Qh4 Ne4 13. Qh3 Qxd4 14. Bf4 Nf6
15. Ne2 Qa4 16. Rfc1 Na6 17. Bg5 g6 18. Nc3 Qd4 19. Bxa6 Qxe5 20. Bxf6 Bxf6 21.
Bxb7 Rad8 22. Qf3 Bg5 23. Rd1 f5 24. Qe2 Qf6 25. Rxd8 Rxd8 26. Rd1 Kf7 27. g3
Qe7 28. Rxd8 Qxd8 29. Ba6 Bf6 30. Bc4 Qe7 31. Nb5 a6 32. Nc3 b5 33. Bb3 Bd4 34.
Kg2 Qb7+ 35. Qf3 Qd7 36. Ne2 Bxb2 37. Nf4 Kf6 38. Bxe6 Qd6 39. Qb7 1-0

[Event "European Youth Chess Championship B12"]
[Site "Prague, Top Hotel Prague"]
[Date "2016.08.25"]
[Round "7.21"]
[White "Yaniv, Yuval"]
[Black "Van, Dael Siem"]
[Result "1-0"]
[WhiteElo "1845"]
[BlackElo "2082"]
[PlyCount "57"]
[EventDate "2016.08.18"]

1. e4 e5 2. Nf3 Nc6 3. Bb5 a6 4. Ba4 Nf6 5. O-O Be7 6. Re1 b5 7. Bb3 O-O 8. d3
d6 9. c3 h6 10. Nbd2 Bg4 11. Nf1 Nd7 12. Bd5 Ndb8 13. a4 Ra7 14. Be3 Rb7 15.
axb5 axb5 16. Ng3 Qd7 17. Qd2 Kh7 18. Nf5 Bxf5 19. exf5 Bf6 20. g4 Rh8 21. h4
Kg8 22. Ra8 Bd8 23. d4 exd4 24. Nxd4 Ra7 25. Nxc6 Rxa8 26. Nxd8 c6 27. Bxf7+
Kf8 28. Bb6 Qc8 29. Re8# 1-0

[Event "European Youth Chess Championship B12"]
[Site "Prague, Top Hotel Prague"]
[Date "2016.08.25"]
[Round "7.22"]
[White "Morgunov, Marc"]
[Black "Stoian, Cristian-Georgian"]
[Result "1-0"]
[WhiteElo "2078"]
[BlackElo "1826"]
[PlyCount "45"]
[EventDate "2016.08.18"]

1. e4 c5 2. Nf3 g6 3. d4 cxd4 4. Nxd4 Bg7 5. c4 Nc6 6. Be3 Nf6 7. Nc3 Ng4 8.
Qxg4 Nxd4 9. Qd1 Ne6 10. Rc1 Qa5 11. Be2 b6 12. O-O Bb7 13. f3 g5 14. Rf2 h5
15. Bf1 Qe5 16. Rd2 d6 17. Nd5 g4 18. f4 Nxf4 19. Bxf4 Qxe4 20. Nc7+ Kd7 21.
Rxd6+ exd6 22. Qxd6+ Kc8 23. Nd5 1-0

[Event "European Youth Chess Championship B12"]
[Site "Prague, Top Hotel Prague"]
[Date "2016.08.25"]
[Round "7.23"]
[White "Uzumcu, Ahmet Utku"]
[Black "Hommel, Niclas"]
[Result "1-0"]
[WhiteElo "2047"]
[BlackElo "1816"]
[PlyCount "111"]
[EventDate "2016.08.18"]

1. e4 c5 2. Nf3 Nc6 3. d4 cxd4 4. Nxd4 e5 5. Nb5 a6 6. Nd6+ Bxd6 7. Qxd6 Qf6 8.
Qxf6 Nxf6 9. Nc3 Nb4 10. Bd3 d5 11. exd5 Nxd3+ 12. cxd3 Bf5 13. Bg5 Bxd3 14.
Rd1 Bf5 15. Bxf6 gxf6 16. O-O Rd8 17. f3 O-O 18. Rd2 Kg7 19. Kf2 Rfe8 20. Ke3
Bc8 21. g4 f5 22. gxf5 Bxf5 23. Ne4 Bxe4 24. fxe4 Rd6 25. Rf5 Rf6 26. Rg2+ Rg6
27. Rgf2 Re7 28. Rd2 Re8 29. Rc2 Re7 30. Rf1 Rh6 31. Rf3 Rd7 32. Rg3+ Rg6 33.
Rc5 Kf8 34. Rc2 Kg7 35. Rf3 Rh6 36. Rg3+ Rg6 37. Rh3 Rgd6 38. Rf2 Rg6 39. Rf5
Rg2 40. Rxe5 Rxb2 41. Rg5+ Kf6 42. Rf5+ Ke7 43. Rxh7 Kd8 44. Rf2 Rxf2 45. Kxf2
Rd6 46. Ke3 f5 47. Rxb7 fxe4 48. Kxe4 Rh6 49. Rb2 Ke7 50. Kd4 Kd7 51. Kc5 Kc7
52. Rg2 Kd7 53. a4 Kc7 54. a5 Kd7 55. Rb2 Kc7 56. d6+ 1-0

[Event "European Youth Chess Championship B12"]
[Site "Prague, Top Hotel Prague"]
[Date "2016.08.25"]
[Round "7.24"]
[White "Carbonell, Sancho Marc"]
[Black "Budisavljevic, Luka"]
[Result "1/2-1/2"]
[WhiteElo "1857"]
[BlackElo "1993"]
[PlyCount "148"]
[EventDate "2016.08.18"]

1. e4 c5 2. Nf3 a6 3. d4 cxd4 4. Nxd4 Nf6 5. Bd3 e5 6. Nf3 Nc6 7. Bg5 Bb4+ 8.
c3 Bc5 9. O-O d6 10. h3 Be6 11. c4 O-O 12. Nc3 Nd4 13. Nh2 Qc8 14. Bxf6 gxf6
15. Qh5 Kg7 16. Kh1 b5 17. f4 bxc4 18. f5 Bxf5 19. exf5 cxd3 20. Ng4 Rg8 21.
Qh6+ Kh8 22. Nxf6 Rg7 23. Nh5 Qg8 24. Nxg7 Qxg7 25. Qxg7+ Kxg7 26. Rad1 Rh8 27.
b3 Re8 28. Ne4 Bb4 29. Rxd3 d5 30. Rg3+ Kh8 31. Nf6 Rd8 32. Ng4 e4 33. Nh6 Rf8
34. Rg4 f6 35. Rd1 Nc2 36. Rxd5 Ne3 37. Rd4 Nxg4 38. Nxg4 Bc3 39. Rc4 h5 40.
Rxc3 hxg4 41. Re3 gxh3 42. Rxh3+ Kg7 43. Re3 Re8 44. Rg3+ Kf7 45. Kg1 Re5 46.
Re3 Rxf5 47. Rxe4 a5 48. g3 Rd5 49. Kf2 Rd2+ 50. Re2 Rd3 51. Rb2 Ke6 52. a3 a4
53. bxa4 Rxa3 54. Rb6+ Kf7 55. Ra6 Ke7 56. a5 Kf7 57. Ra7+ Kg6 58. a6 Ra2+ 59.
Kf3 Ra3+ 60. Kg4 Ra4+ 61. Kh3 Kh6 62. Ra8 Kg7 63. a7 Kh7 64. Kg2 Ra3 65. Kf2
Kg7 66. Ke2 Kh7 67. Kd2 Kg7 68. Kc2 Ra2+ 69. Kd3 Ra1 70. Kc3 Ra3+ 71. Kb2 Ra6
72. Kb3 Ra1 73. g4 Ra6 74. Kc4 Ra1 1/2-1/2